Music Quiz

Random Music or Artist Quiz

Top 100 Bands (1989) Quiz Stats

 Plays Quiz Updated Jan 7, 2018

Score 0/100 Timer 10:00
10 Plays Today
Song Artist % Correct
Like a PrayerMadonna
94%
Express YourselfMadonna
94%
CherishMadonna
94%
Smooth CriminalMichael Jackson
91.7%
Paradise CityGuns N' Roses
91.3%
PatienceGuns N' Roses
90%
Welcome to the JungleGuns N' Roses
90%
Miss You MuchJanet Jackson
86%
Every Rose Has Its ThornPoison
85.6%
Love ShackThe B-52's
84.5%
Straight UpPaula Abdul
83.7%
Cold HeartedPaula Abdul
83.7%
Forever Your GirlPaula Abdul
83.7%
After AllCher & Peter Cetera
83.2%
If I Could Turn Back TimeCher
82.8%
My PrerogativeBobby Brown
81.2%
On Our OwnBobby Brown
81.2%
Every Little StepBobby Brown
81.2%
RoniBobby Brown
81.2%
Rock Wit'chaBobby Brown
81.2%
Love in an ElevatorAerosmith
79.4%
Wind Beneath My WingsBette Midler
79.4%
Girl You Know It's TrueMilli Vanilli
74.6%
Girl I'm Gonna Miss YouMilli Vanilli
74.6%
Blame It On The RainMilli Vanilli
74.6%
Baby Don't Forget My NumberMilli Vanilli
74.6%
Eternal FlameThe Bangles
74.1%
In Your RoomThe Bangles
74.1%
I'll Be Loving You (Forever)New Kids on the Block
72.8%
Hangin' ToughNew Kids on the Block
72.8%
You Got It (The Right Stuff)New Kids on the Block
72.8%
Cover GirlNew Kids on the Block
72.8%
BatdancePrince
70.3%
She Drives Me CrazyFine Young Cannibals
66.7%
Song Artist % Correct
Good ThingFine Young Cannibals
66.7%
I'll Be There For YouBon Jovi
66.5%
Born to Be My BabyBon Jovi
66.5%
Lay Your Hands on MeBon Jovi
66.5%
Wild ThingTone Lōc
66.2%
Funky Cold MedinaTone Lōc
66.2%
Right Here WaitingRichard Marx
63.1%
SatisfiedRichard Marx
63.1%
The LookRoxette
57.7%
Listen to Your HeartRoxette
57.7%
StandR.E.M
56.7%
Armageddon ItDef Leppard
56.1%
Sowing the Seeds of LoveTears for Fears
53.4%
The End of the InnocenceDon Henley
52%
The Living YearsMike + The Mechanics
50.7%
Two HeartsPhil Collins
50.7%
Bust a MoveYoung MC
50.3%
The Way You Love MeKaryn White
48.5%
Secret RendezvousKaryn White
48.5%
Buffalo StanceNeneh Cherry
47.2%
Lost in Your EyesDebbie Gibson
46.9%
18 and LifeSkid Row
46.7%
Look AwayChicago
46.5%
Toy SoldiersMartika
43.7%
If You Don't Know Me By NowSimply Red
43.3%
Once Bitten, Twice ShyGreat White
42%
LovesongThe Cure
40.6%
PoisonAlice Cooper
37.1%
HeavenWarrant
34.3%
What I AmEdie Brickell & New Bohemians
33.6%
Close My Eyes ForeverLita Ford
33.5%
When the Children CryWhite Lion
30.4%
Don't Rush MeTaylor Dayne
30.2%
All This TimeTiffany
28.7%
Song Artist % Correct
Don't Wanna Lose YouGloria Estefan
26.9%
When I See You SmileBad English
26.3%
Soldier of LoveDonny Osmond
24.1%
Giving You The Best That I GotAnita Baker
23.8%
I Wanna Have Some FunSamantha Fox
23.2%
Real LoveJody Watley
22.6%
My Heart Can't Tell You NoRod Stewart
22.5%
Angel EyesJeff Healey Band
22.3%
She Wants To Dance With MeRick Astley
21.9%
Waiting For a Star to FallBoy Meets Girl
21.8%
So AliveLove and Rockets
20.7%
Rock OnMichael Damian
20%
Walk on WaterEddie Money
20%
I Don't Want Your LoveDuran Duran
19.8%
Miss You Like CrazyNatalie Cole
19.7%
The Lover in MeSheena Easton
19.7%
Baby, I Love Your Way/FreebirdWill To Power
19%
The PromiseWhen In Rome
17.5%
This Time I Know It's For RealDonna Summer
16.9%
When I'm With YouSheriff
16.5%
Dreamin'Vanessa Williams
15.9%
How Can I Fall?Breathe
15%
Keep on Movin'Soul II Soul
13.5%
Second Chance.38 Special
12%
Surrender to MeAnn Wilson & Robin Zander
11.8%
What You Don't KnowExposé
11.6%
I Like ItDino
8.9%
Shower Me With Your LoveSurface
8.6%
It's No CrimeBabyface
7.6%
Heaven Help MeDeon Estus
5.9%
Thinking of YouSa-Fire
5.1%
I Remember Holding YouBoys Club
5%

You're not logged in!

Compare scores with friends on all Sporcle quizzes.
OR
Log In

Show Comments

Extras

Top Quizzes Today


Score Distribution

Your Account Isn't Verified!

In order to create a playlist on Sporcle, you need to verify the email address you used during registration. Go to your Sporcle Settings to finish the process.

Report this User

Report this user for behavior that violates our Community Guidelines.

Details: